LEADER 00904nam1 2200313 450 001 990003508890203316 005 20110304112228.0 035 $a000350889 035 $aUSA01000350889 035 $a(ALEPH)000350889USA01 035 $a000350889 100 $a20110304d1957----km-y0itay50------ba 101 $aita 102 $aIT 105 $aa---||||001yy 200 1 $aFolia orthopaedica : quae ad artem chirurgicam pertinent$fRaphael Zanoli edidit 210 $aBononiae$capud Institutum Rizzoli$d1957- 215 $av.$cill.$d35 cm 606 0 $aOrtopedia$2BNCF 676 $a616.7 702 1$aZANOLI,$bRaphael 801 0$aIT$bsalbc$gISBD 912 $a990003508890203316 951 $aFDC MISC 3/$bMed.$cFDC 959 $aBK 969 $aMED 979 $aCIANATIEMP$b90$c20110304$lUSA01$h1122 996 $aFolia orthopaedica : quae ad artem chirurgicam pertinent$91114231 997 $aUNISA LEADER 00939nam--2200349---450- 001 990002858550203316 005 20070119161524.0 035 $a000285855 035 $aUSA01000285855 035 $a(ALEPH)000285855USA01 035 $a000285855 100 $a20070119d2006----km-y0itay50------ba 101 0 $aspa 102 $aES 105 $ay|||||||001yy 200 1 $aOdas$aEpodos$fHoracio$gedicion y traduccion Alfonso Cuatrecasas 210 $aMadrid$cColeccion Austral$d[c. 2006] 215 $a240 p.$d16 cm 225 2 $aPoesia 410 0$12001$aPoesia 676 $a874.01 700 1$aHORATIUS FLACCUS,$bQuintus$075513 702 1$aCUATRECASAS,$bAlfonso 801 0$aIT$bsalbc$gISBD 912 $a990002858550203316 951 $aV.3.A. 160$b191751 LM$cV.3. 959 $aBK 969 $aUMA 979 $aSENATORE$b90$c20070119$lUSA01$h1615 996 $aEpodos$9991710 996 $aOdas$9991709 997 $aUNISA